000 01448nam a2200325 i 4500
003 DO-SdBNP
005 20250621074010.0
007 ta
008 240912s1922 dr ac r 000 0 spa d
040 _aDO-SdBNP
_bspa
_cBNPHU
_erda
041 _aspa
082 4 _a972.9305
_bD637h
_222
245 0 0 _aDocumentos históricos que se refieren a la intervención armada de los Estados Unidos de Norteamérica y la implantación de un gobierno militar americano en la República Dominicana /
_crecopilado por, Antonio Hoepelman, Juan A. Senior.
250 _aPrimera edición
264 1 _aSanto Domingo, R. D. :
_bEditora Imprenta de J. R. Vda. García,
_c1922.
300 _a374 páginas :
_bilustraciones, retratos ;
_c20 cm.
336 _atexto
_btxt
_2rdacontent
337 _asin mediación
_bn
_2rdamedia
338 _avolumen
_bnc
_2rdacarrier
490 _aColección pensamiento dominicano ;
_v51
590 _aInventariado, 2024/ YL
651 4 _aEstados Unidos
_xRelaciones exteriores
_yRepública Dominicana
_91926
651 0 _aRepública Dominicana
_xPolítica y gobierno
_945
651 4 _aRepública Dominicana
_xRelaciones exteriores
_zEstados Unidos
651 4 _aRepública Dominicana
_xRelaciones exteriores
_zEstados Unidos
_96308
700 1 _aHoepelman, Antonio,
_ecompilador
_935971
_4comp.
700 1 _aSenior, Juan A.,
_ecompilador
_4comp.
_954125
910 _aYLockward/Validado. Control de calidad MFF
942 _2ddc
_cLBS1
999 _c57669
_d57669